Prezydenci Polski - Statystyki

Ogólne statystyki
  • Ten quiz został rozwiązany 34 razy
    3 od ostatniego zresetowania
  • Średni wynik to 11 z 40
Statystyki odpowiedzi
Partia Rok wybrania Imię i nazwisko % Poprawnych
Sojusz Lewicy Demokratycznej 1955 Aleksander Kwaśniewski
100%
Prawo i Sprawiedliwość 2015 Andrzej Duda
100%
Platforma Obywatelska 2010 Bronisław Komorowski
100%
Platforma Obywatelska 2010 Bronisław Komorowski
100%
Prawo i Sprawiedliwość 2025 Karol Nawrocki
100%
Prawo i Sprawiedliwość 2005 Lech Kaczyński
100%
Bezpartyjny 1956 Tadeusz Bór-Komorowski
100%
Polska Partia Robotnicza 1944 Bolesław Bierut
67%
Polska Partia Robotnicza / Polska Zjednoczona Partia Robotnicza 1947 Bolesław Bierut
67%
PSL "Wyzwolenie" 1922 Gabriel Narutowicz
67%
NSZZ "Solidarność" / Porozumienie Centrum 1990 Lech Wałęsa
67%
Polska Zjednoczona Partia Robotnicza / Bezpartyjny 1985 Wojciech Jaruzelski
67%
PSL "Piast" 1922 Stanisław Wojciechowski
33%
Polska Zjednoczona Partia Robotnicza 1952 Aleksander Zawadzki
0%
Polska Partia Socjalistyczna 1969 Alfred Urbański
0%
Bezpartyjny 1947 August Zalewswki
0%
Platforma Obywatelska 2010 Bogdan Borusewicz
0%
Obóz Zjednoczenia Narodowego 1939 Bolesław Wieniawa-Długoszowski
0%
Polska Zjednoczona Partia Robotnicza 1964 Edward Ochab
0%
Bezpartyjny 1954 Edward Raczyński
0%
Bezpartyjny 1979 Edward Raczyński
0%
Obóz Zjednoczenia Narodowego 1939 Edward Śmigły-Rydz
0%
Polska Partia Socjalistyczna 1947 Franciszek Trąbalski
0%
Platforma Obywatelska 2010 Grzegorz Schetyna
0%
Polska Zjednoczona Partia Robotnicza 1972 Henryk Jabłoński
0%
Bezpartyjny 1926 Ignacy Mościcki
0%
Polska Zjednoczona Partia Robotnicza 1970 Józef Cyrankiewicz
0%
Bezpartyjny 1986 Kazimierz Sabbat
0%
PSL "Piast" 1922 Maciej Rataj
0%
PSL "Piast" 1926 Maciej Rataj
0%
Polska Zjednoczona Partia Robotnicza 1968 Marian Spychalski
0%
Bezpartyjny 1966 Roman Odzierzyński
0%
Bezpartyjny 1989 Ryszard Kaczorowski
0%
Bezpartyjny 1970 Stanisław Kopański
0%
Stronnictwo Narodowe 1968 Stanisław Mglej
0%
Bezpartyjny 1972 Stanisław Ostrowski
0%
Polska Partia Socjalistyczna 1954 Tomasz Arciszewski
0%
Bezpartyjny 1954 Władysław Anders
0%
Stronnictwo Narodowe 1947 Władysław Kowalski
0%
Obóz Zjednoczenia Narodowego 1939 Władysław Raczkiewicz
0%
Nie znaleziono quizów pasujących do podanych kryteriów
Rozkład punktacji
Procent ludzi z każdym wynikiem
Percentyl według liczby udzielonych odpowiedzi
Twoja historia wyników
Nie rozwiązałeś tego quizu od ostatniego zresetowania